00479 a2200145 4500020001600000040001300016082001800029100002200047245006200069260006100131300003500192500005000227650003400277700002200311 a 9971513986 aDLCbDLC a 620.0014 STE aStevenson, Susan. aStrategies for engineering communicationcSusan Stevenson aSingapore :bJohn Wiley & Sons, (Asia) Pte Ltd.,cc2002. a ix, 372 p. :bill. ;c 25 cm. aIncludes bibliographical references and index aCommunication in engineering. a Whitmore, Steve.